书目信息 |
| 题名: |
最强防线的破灭
|
|
| 作者: | 翁伟力 著 | |
| 分册: | ||
| 出版信息: | 武汉 华中科技大学出版社 2015.8 |
|
| 页数: | 287页 | |
| 开本: | 24cm | |
| 丛书名: | ||
| 单 册: | ||
| 中图分类: | E195.2 | |
| 科图分类: | ||
| 主题词: | 第二次世界大战--di er ci shi jie da zhan--防线--欧洲 | |
| 电子资源: | ||
| ISBN: | 978-7-5680-0685-9 | |
| 000 | 01061nam0 2200265 450 | |
| 001 | 0100004755 | |
| 005 | 20150914134926.0 | |
| 010 | @a978-7-5680-0685-9@dCNY38.00 | |
| 100 | @a20150727d2015 em y0chiy0121 ea | |
| 101 | 0 | @achi |
| 102 | @aCN@b420000 | |
| 105 | @aac z 000yy | |
| 106 | @ar | |
| 200 | 1 | @a最强防线的破灭@Azui qiang fang xian de po mie@e“二战”马奇诺防线@f翁伟力著 |
| 210 | @a武汉@c华中科技大学出版社@d2015.8 | |
| 215 | @a287页@c图, 肖像@d24cm | |
| 314 | @a翁伟力, 二战研究者, 《兵器》杂志主力写手。 | |
| 330 | @a本书讲述马奇诺防线的二战史。从各个方面剖析了马奇诺失败的原因及内部结构。从而证明马奇诺防线在二战史上的意义。有人评价马奇诺防线是二战史最大的败笔和最沉默的皇冠, 真实的马奇诺防线到底如何, 不妨翻开本书, 仔细去看看。 | |
| 333 | @a二战史的研究者及军事爱好者 | |
| 517 | 1 | @a“二战”马奇诺防线@A“er zhan ”ma qi nuo fang xian |
| 606 | 0 | @a第二次世界大战@Adi er ci shi jie da zhan@x防线@y欧洲 |
| 690 | @aE195.2@v5 | |
| 701 | 0 | @a翁伟力@Aweng wei li@4著 |
| 801 | 0 | @aCN@c20160515 |
| 905 | @a河南城建学院图书馆@dE195.2@eW697 | |
| 最强防线的破灭:“二战”马奇诺防线/翁伟力著.-武汉:华中科技大学出版社,2015.8 |
| 287页:图, 肖像;24cm |
| 使用对象:二战史的研究者及军事爱好者 |
| ISBN 978-7-5680-0685-9:CNY38.00 |
| 本书讲述马奇诺防线的二战史。从各个方面剖析了马奇诺失败的原因及内部结构。从而证明马奇诺防线在二战史上的意义。有人评价马奇诺防线是二战史最大的败笔和最沉默的皇冠, 真实的马奇诺防线到底如何, 不妨翻开本书, 仔细去看看。 |
| ● |
| 相关链接 |
|
|
|
正题名:最强防线的破灭
索取号:E195.2/W697
 
预约/预借
| 序号 | 登录号 | 条形码 | 馆藏地/架位号 | 状态 | 备注 |
| 1 | 1253693 | 212536932 | 社科库509/509社科库 116排2列1层/ [索取号:E195.2/W697] | 在馆 | |
| 2 | 1253694 | 212536941 | 社科库509/509社科库 116排2列1层/ [索取号:E195.2/W697] | 在馆 | |
| 3 | 1253695 | 212536950 | 社科库509/509社科库 116排2列1层/ [索取号:E195.2/W697] | 在馆 |